| 000 | 00810cab a2200253 4500 | ||
|---|---|---|---|
| 001 | ABS48618 | ||
| 008 | 090401t1993 xxu||||| |||| 00| 0 eng d | ||
| 035 | _a(Sirsi) u67600 | ||
| 041 | _aeng | ||
| 100 | _aWinckles, R. | ||
| 245 | _aManagement buy-outs : venture capitalists rebuild investment foundations | ||
| 260 | _c1993 | ||
| 350 | _a0 | ||
| 490 |
_aEstates Gazette _v(9320) 22 May 1993, 104-105(2) |
||
| 520 | _aArgues that the current climate is ideal for staging a management buy-out or buy-in. Takes the brewing industry as an example. | ||
| 650 | _aASSET VALUATION | ||
| 650 | _aBREWING INDUSTRY | ||
| 650 | _aMANAGEMENT BUY OUT | ||
| 650 | _aPROPERTY MARKET | ||
| 650 | _aVENTURE CAPITAL | ||
| 690 | _aPROPERTY-PROPERTY FINANCE AND INVESTMENT | ||
| 942 | _n0 | ||
| 948 | _c04/03/1997 | ||
| 999 |
_c42303 _d42303 |
||